ბათუმის შოთა რუსთაველის სახელმწიფო უნივერსიტეტის ბიბლიოთეკა

პოლიტიკური მარკეტინგის საფუძვლები / (ბიბ.ჩანაწერი № 38528)

000 -ლიდერი
ფიქსირებული სიგრძის საკონტროლო ველი 01162nam a2200253Ia 4500
001 - საკონტროლო ნომერი
საკონტროლო ველი 4629
003 - საკონტროლო ნომრის იდენტიფიკატორი
საკონტროლო ველი GE_BSU
005 - ბოლო ოპერაციის თარიღი და დრო
საკონტროლო ველი 20190510190245.0
008 - ფიქსირებული სიგრძის მონაცემთა ელემენტები - ზოგადი ინფორმაცია
ფიქსირებული სიგრძის საკონტროლო ველი 181216s|200||||ge |||||||||||||| ||geo||
020 ## - წიგნის საერთაშორისო სტანდარტული ნომერი
International Standard Book Number 9994073516
040 ## - კატალოგიზაციის წყარო
Transcribing agency GE_BSU
041 ## - ენის კოდი
Language code of text/sound track or separate title geo
080 ## - უნივერსალური ათობითი კლასიფიკაციის ინდექსი
Universal Decimal Classification number 316.334 მ–42
100 ## - მთავარი ჩანაწერი - პიროვნების სახელი
Personal name მაცაბერიძე, მალხაზ
9 (RLIN) 1009
245 ## - ცნობა სათაურის შესახებ
Title პოლიტიკური მარკეტინგის საფუძვლები /
Statement of responsibility, etc მალხაზ მაცაბერიძე ; რედ : ლია კაჭარავა
264 ## - წარმოების, გამოცემის, დისტრიბუციის და სხვა ცნობები
გამოცემის, წარმოების, დისტრიბუციის... ადგილი თბილისი . :
გამოცემის, წარმოების, დისტრიბუციის... სახელწოდება მეცნიერება,
გამოცემის, წარმოების, დისტრიბუციის... თარიღი 2003.
300 ## - ფიზიკური აღწერა
Extent 350გვ .;
Dimensions 20სმ.
440 ## - სერიის ცნობა / დამატებულია ჩანაწერი - სათაური
Title სოციალურ მეცნიერებათა სერია
9 (RLIN) 955
653 ## - INDEX TERM--UNCONTROLLED
Uncontrolled term პოლიტიკური მარკეტინგი
653 ## - INDEX TERM--UNCONTROLLED
Uncontrolled term ეკონომიკის პოლიტიკა
700 ## - ADDED ENTRY--PERSONAL NAME
Personal name კაჭარავა, ლია
Relator term რედაქტორი
9 (RLIN) 1010
710 ## - ADDED ENTRY--CORPORATE NAME
Relator term ფონდი ღია საზოგადოება - საქართველო
9 (RLIN) 1011
942 ## - ADDED ENTRY ELEMENTS (KOHA)
Koha item type წიგნი
Source of classification or shelving scheme
ეგზემპლარები
ჩამოწერის სტატუსი დაკარგული ეგზემპლარის სტატუსი კლასიფიკაციის წყარო ან თაროზე გაწყობის სქემა დაზიანების სტატუსი არ გაიცემა მუდმივი მდებარეობა (დაცვის ადგილი) ამჟამინდელი ადგილსამყოფელი თაროზე განთავსების ადგილი შეძენის თარიღი სრული შენახვის შიფრი შტრიხკოდი ბოლო ოპერაციის თარიღი ეგზემპლარის მიმდევრობითი ნომერი (კეტერი?) ფასის ძალაში შესვლის თარიღი ეგზემპლარის სახეობა
          ტექნოლოგიური ფაკულტეტის ბიბლიოთეკა ტექნოლოგიური ფაკულტეტის ბიბლიოთეკა წიგნსაცავი 2018-12-17 316.334 მ–42 8355 2018-12-17 8355 2018-12-17 წიგნი